| 000 | 00459nam a22001337a 4500 | ||
|---|---|---|---|
| 040 | _cNUST | ||
| 082 | _a200 THE | ||
| 100 |
_aAijaz Danish Azeem _9118434 |
||
| 110 |
_aSupervisor Dr. Yasir Ahmad _989011 |
||
| 245 | _aTH-SOF-2205-Optimizing Gas Management System Through Underground Gas Storage Facilities: A Case of Securing Energy Resources in Pakistan | ||
| 260 |
_aISLAMABAD: _bNUST COLLEGE OF EME, _c2023. |
||
| 650 |
_aMS-EM _9118375 |
||
| 942 |
_2ddc _cTHE |
||
| 999 |
_c603380 _d603380 |
||